Strength and deformation characteristics of pavements / (Record no. 547710)
[ view plain ]
| 000 -LEADER | |
|---|---|
| fixed length control field | 01552cam a2200169 a 4500 |
| 020 ## - INTERNATIONAL STANDARD BOOK NUMBER | |
| International Standard Book Number | 030903356X |
| 082 00 - DEWEY DECIMAL CLASSIFICATION NUMBER | |
| Classification number | 625.80287 |
| Author Mark | NAT |
| 245 00 - TITLE STATEMENT | |
| Title | Strength and deformation characteristics of pavements / |
| Statement of responsibility, etc. | Transportation Research Board, National Research Council. |
| 260 ## - PUBLICATION, DISTRIBUTION, ETC. | |
| Place of publication, distribution, etc. | Washington, D.C. : |
| Name of publisher, distributor, etc. | National Academy of Sciences, |
| Date of publication, distribution, etc. | 1982. |
| 300 ## - PHYSICAL DESCRIPTION | |
| Extent | iv, 68 p. : |
| Other physical details | ill. ; |
| Dimensions | 28 cm. |
| 500 ## - GENERAL NOTE | |
| General note | Reports presented at an annual meeting of the Transportation Research Board. |
| 505 0# - FORMATTED CONTENTS NOTE | |
| Formatted contents note | Ordway Colorado experimental base project / James F. Shook and Bernard F. Kallas -- Use of deflection measurements for determining pavement material properties / B. Frank McCollough and Arthur Taute. -- Marterial layer coefficiants for unbound granular materials from resilient modulus / Gonzalo Rada and Matthew W. Witczak -- Moduli of pavement systems from special analysis of surface waves / J.S. Heisey, K.H. Stokoe II, and A.H. Meyer -- Comparative study of selected nondestructive testing devices / Mario S. Hoffman and Marshall R. Thompson -- Backcalculating nonlinear resilient moduli from deflection data / Mario F. Hoffman and Marshall R. Thompson -- Effective moduli and stress dependence of pavement materials as measured in some heavy-vehicle simulator tests / J.H. Maree ... [et al.] -- Sulphlex pavement performance evaluations from laboratory tests / James A. Sherwood and William J. Kenis. |
| 526 ## - STUDY PROGRAM INFORMATION NOTE | |
| Program name | 0 |
| Interest level | 0 |
| Reading level | 0 |
| Title point value | 625_802870000000000_NAT |
| 650 #0 - SUBJECT ADDED ENTRY--TOPICAL TERM | |
| Topical term or geographic name entry element | Pavements |
| General subdivision | Testing. |
| 9 (RLIN) | 21218 |
| 710 2# - ADDED ENTRY--CORPORATE NAME | |
| Corporate name or jurisdiction name as entry element | National Research Council (U.S.). |
| 9 (RLIN) | 20017 |
| 942 ## - ADDED ENTRY ELEMENTS (KOHA) | |
| Source of classification or shelving scheme | |
| Koha item type | Book |
| Withdrawn status | Lost status | Source of classification or shelving scheme | Damaged status | Not for loan | Permanent Location | Current Location | Date acquired | Total Checkouts | Full call number | Barcode | Date last seen | Price effective from | Koha item type |
|---|---|---|---|---|---|---|---|---|---|---|---|---|---|
| Military College of Engineering (MCE) | Military College of Engineering (MCE) | 08/05/2014 | 625.80287 NAT | MCE-42281 | 08/05/2014 | 08/05/2014 | Book |
